Statistiques concernant Culture Générale - Série 1408

Cliquez ici pour prendre le quiz!

Statistiques générales

  • Ce quiz a été pris 79 fois
  • Le résultat moyen est 7 sur 10

Statistiques - réponses

QuestionRéponse% Correct
Dans quel organe sensoriel du corps humain se situe le tympan ?oreille
100%
Selon la Bible, qui a reçu de Dieu, les Tables de la Loi avec les 10 Commandements ?Moïse
96%
Quelle fontaine monumentale de Rome, adossée à un palais, est l'oeuvre de l'architecte baroque Niccolò Salvi ?fontaine de Trevi
88%
Quelle ville française s'appelait autrefois " Narbo Martius" ?Narbonne
81%
Quelle actrice française (initiales JM) est la seule à avoir reçu deux César d'honneur, en 1995 et en 2008 ?Jeanne Moreau
75%
A quel nom commun féminin se rapporte l'adjectif cruciforme ?croix
75%
Sous quel nom est plus connu l'écrivain : Louis-Ferdinand Destouches ?Louis-Ferdinand Céline
71%
De quel pays actuel étaient originaires les Toltèques ?Mexique
64%
Si la mandoline est un instrument à cordes pincées, le violoncelle est un instrument à cordes...frottées
51%
Dans la fable de La Fontaine "La Laitière et le pot au lait", comment s'appelle la laitière ?Perrette
47%

Distribution des résultats

Percentile par nombre de réponses

% des personnes avec chaque résultat

Votre développement - résultats

Vous n’avez pas pris ce quiz